Equipos de LaLiga Hypermotion 24/25 - Estadísticas

Estadísticas generales
  • Esta prueba ha sido intentada 52 veces
  • La puntuación promedio es 19 de 22
Estadísticas de respuestas
Respuesta % Correcto
Cádiz
100%
Almería
98%
Albacete
95%
Granada
95%
Málaga
95%
Racing de Santander
93%
Huesca
91%
Mirandés
91%
CD Castellón
88%
CD Tenerife
88%
Córdoba
88%
Levante UD
88%
Real Zaragoza
88%
Racing de Ferrol
86%
Real Oviedo
86%
Sporting Gijón
86%
Deportivo La Coruña
81%
CD Eldense
79%
Eibar
79%
Elche
79%
FC Cartagena
79%
Burgos
77%
No se encontraron pruebas coincidentes
Distribución de puntuación
Porcentaje de gente con cada puntuación
Porcentaje por número respondido
Historial de tus puntuaciones
No has intentado esta prueba.